Can't Fight This Feeling Lyrics - REO Speedwagon - Statistics

General Stats
  • This quiz has been taken 64 times
  • The average score is 222 of 304
Answer Stats
Lyrics % Correct
I
100%
a
98%
can't
98%
feel
98%
feeling
98%
fight
98%
for
98%
this
98%
any
95%
the
95%
to
95%
anymore
93%
in
93%
What
93%
what
93%
started
90%
And
88%
fighting
88%
it
88%
longer
88%
forgotten
85%
You
85%
you
85%
you,
85%
I've
83%
on
83%
when
83%
as
80%
has
78%
your
78%
out
75%
ship
75%
friendship
73%
grown
73%
I'm
73%
shore
73%
stronger
73%
forever
70%
night
68%
time
68%
You're
68%
cold,
65%
dark
65%
It's
65%
window
65%
away
63%
candle
63%
ever
63%
getting
63%
so
63%
throw
63%
winter's
63%
afraid
60%
closer
60%
even
60%
let
60%
my
60%
My
60%
still
60%
thought
60%
bring
58%
had
58%
keeping
58%
might
58%
oars,
58%
show
58%
sight
58%
yet
58%
into
55%
than
55%
wander,
55%
Baby,
53%
'Cause
53%
come
50%
life
50%
we're
50%
crashing
48%
me
48%
no
48%
strength
48%
that
48%
through
48%
together
48%
been
45%
direction,
45%
door
45%
give
45%
have
45%
make
45%
only
45%
wish
45%
If
43%
if
43%
secure
43%
everything
40%
floor,
40%
hold
40%
myself
40%
tell
40%
clear
38%
is
38%
since
38%
upon
38%
crawl
35%
flow
35%
mind
35%
take
35%
whirlwind
35%
I'd
33%
circles
30%
fear
30%
girl
30%
reason
30%
running
30%
saw
30%
such
30%
there
30%
find
25%
places
25%
'round
25%
said
23%
following
20%
never
20%
alone
18%
always
18%
seems
15%
No matching quizzes found
Score Distribution
Percent of People with Each Score
Percentile by Number Answered
Your Score History
You have not taken this quiz